01263nam a2200277 i 450000100060000000300090000600500170001500700030003200800410003502000220007608000230009824500990012126000330022030000220025349000270027550502900030265000400059265000390063265500380067170000390070970000410074883000350078985200220082499900170084695201220086391981ES-MaACL20250825062630.0t|050311s1997 sp ||||1| spa d a978-84-7844-373-4 a087.5:82-34(082.2)04aLas mejores historias sobre perros / csegún Gerald Durrell ; traducción de Javier Alfaya. aMadrid : bSiruela, c[1997] a234 p. ; c29 cm.1 aLas tres edades ; v568 aContiene 16 relatos de: Eric Parker, Sir Hugh Walpole, Jack London, Sir Arthur Bryant, Rudyard Kipling, P.G. Wodehouse, Joyce Stranger, James Douglas, Jerome K. Jerome, Albert Payson Terhune, Cecil Aldin, W.H. Hudson, Alexander Woollcott, G.K. Chesterton, Jilly Cooper y Virginia Woolf14aCuentos-vLibros infantiles.911478 4aPerros-xEn la literatura.9173749 7aLibros infantiles2tgfbne92267861 aAlfaya, Javier, d1939-20189198271 aDurrell, Gerald (d1925-1995)9463201 aLas tres edades ; v5691786254 aES-MaACLjE-10803 c91981d91981 00104070aATENEOMbATENEOMcDEPO2d2008-01-17eSCl0oE-10803p1096040r2023-02-23 00:00:00w2023-02-23yMONOGRAFIA